Loghi di Calcio - Serie A - Statistics

Statistiche generali
  • Questo quiz è stato fatto 696 volte
  • Il punteggio medio è 19 su 20
Statistiche sulle risposte
con Immagini Risposta % Corretto
Atalanta
100%
Milan
100%
Bologna
99%
Cagliari
99%
Fiorentina
99%
Inter
99%
Juventus
99%
Lazio
99%
Napoli
99%
Roma
99%
Torino
99%
Genoa
97%
Hellas Verona
96%
Udinese
96%
Empoli
95%
Parma
95%
Venezia
95%
Como
94%
Lecce
94%
Monza
94%
Nessun quiz corrispondente trovato
Distribuzione punteggi
Percentuale di utenti per punteggio
Percentile per numero di risposta
I tuoi punteggi nel tempo
Non hai fatto questo quiz